000 00353nam a2200145Ia 4500
008 230312s9999||||xx |||||||||||||| ||und||
020 _a0-495-09571-2
082 _a791.4377
_bBOW-C
100 _aBowles;Dorothy
245 0 _aCreative Editing
260 _bThomson
_aUSA
_c2008
300 _a414
650 _aMass com
_vMass Communication
942 _cBK
999 _c11467
_d11467